| 000 | 00354nam a2200133Ia 4500 | ||
|---|---|---|---|
| 008 | 190723s9999 xx 000 0 und d | ||
| 020 | _a978-93-325-8404-4 | ||
| 100 | _aMuhammad Ali Mazidi | ||
| 245 | 4 | _aThe x86 PC : assembly Language, Design and Interfacing | |
| 250 | _a5th | ||
| 260 |
_aUter Pardesh _bPearson _c2017 |
||
| 300 | _a788.:p | ||
| 942 | _cBK | ||
| 999 |
_c1757 _d1757 |
||